Field guide to the palms of the Americas (Registro nro. 316)

Detalles MARC
000 -CABECERA
Campo de control 00587nam a2200217 a 4500
005 - FECHA Y HORA DE LA ULTIMA TRANSACCION
Campo de control 20141113020002.0
008 - ELEMENTOS DE LONGITUD FIJA—INFORMACION GENERAL
Campo de control 140220b1995 enk||||| |||| 00| 0 eng d
020 ## - ISBN
ISBN 0691085374
041 ## - IDIOMA
Código de idioma para texto/pista de sonido o título separado Inglés
044 ## - PAÍS DE PUBLICACIÓN
País de publicación Inglaterra
090 ## - CLASIFICACIÓN LOCAL
Colección LB
Consecutivo 00296
100 ## - ASIENTO PRINCIPAL--NOMBRE PERSONAL
Nombre personal Henderson, Andrew
245 ## - MENCION DE TITULO
Título Field guide to the palms of the Americas
260 ## - PUBLICACION, DISTRIBUCION, ETC. (PIE DE IMPRENTA)
Lugar de publicación, distribución, etc. New Jersey
Nombre del editor, distribuidor, etc. Princeton University Press
Fecha de publicación, distribución, etc. 1995
300 ## - DESCRIPCION FISICA
Extensión 416 p.
650 ## - ASIENTO SECUNDARIO DE MATERIA - TERMINO TEMATICO
Término temático o nombre geográfico como elemento de entrada Palmas
650 ## - ASIENTO SECUNDARIO DE MATERIA - TERMINO TEMATICO
Término temático o nombre geográfico como elemento de entrada Claves taxonómicas
700 ## - ASIENTO SECUNDARIO - NOMBRE PERSONAL
Nombre personal Bernal, Rodrigo G.
700 ## - ASIENTO SECUNDARIO - NOMBRE PERSONAL
Nombre personal Galeano, Gloria
942 ## - ELEMENTOS ADICIONALES (KOHA)
Tipo de ítem Impreso
Sistema de clasificación Local
Koha issues (borrowed), all copies 1
Existencias
Withdrawn status Lost status Sistema de Clasificación Damaged status No para préstamo Colección Inventariado Ubicación Permanente Ubicación actual Fecha de adquisición Fuente de Valor Valor Total Checkouts Número topográfico Inventario / Código de Barras Date last seen Date checked out Ejemplar Price effective from Forma de adquisición Tipo de material
    Local     Botánica Inventariado 2017 Villa de Leyva Villa de Leyva 29/12/1997 Instituto 39000.00 2 LB-00296 001406 13/01/2015 12/11/2014 Ej. 1 04/12/2012   Libro